Estadísticas para Personajes animados de Disney

Haz click aquí para intentar la prueba.

Estadísticas generales

  • Esta prueba ha sido intentada 376 veces
  • La puntuación promedio es 22 de 26

Estadísticas de respuestas

PistaPersonaje% Correcto
Vive con siete enanosBlancanieves
99%
Un elefante que puede volarDumbo
99%
Marioneta que quiere ser un niño de verdadPinocho
98%
La SirenitaAriel
97%
Ella se enamora de una bestiaBella
97%
Criada que se convierte en princesaCenicienta
97%
Un pato con mucha personalidadPato Donald
97%
Frotó la lámpara mágicaAladdín
96%
Princesa dormilonaAurora
95%
Ella puede congelar con un toqueElsa
95%
Un héroe griego muy fuerteHércules
95%
Ella trama conseguir un abrigo dálmataCruella De Vil
94%
Tiene el pelo muy largo y vive en una torreRapunzel
94%
Un oso al que le encanta la mielWinnie Pooh
94%
Siguió al Conejo BlancoAlicia
92%
Su madre fue disparada por cazadores de ciervosBambi
92%
El Rey León (más joven)Simba
90%
El ratón que lo empezó todoMickey Mouse
88%
Un Niño que no crecePeter Pan
86%
Niño humano en El libro de la selvaMowgli
83%
Sacó la espada de la piedraArturo
70%
Villano de videojuego; quiere ser un héroeRalph el Demoledor
70%
Una pequeña hada voladora animadaTinker Bell
56%
Archienemigo del Príncipe JuanRobin Hood
41%
Perro no muy brillante. ¡Garsh!Goofy
36%
Fue incriminado en ToontownRoger Rabbit
16%

Distribución de puntuación

Porcentaje por número respondido

Porcentaje de gente con cada puntuación

Historial de tus puntuaciones

No has intentado esta prueba.